000 01730nam a2200433 i 4500
001 ELB155529
003 FINmELB
005 20250326043433.0
006 m o d |
007 cr cnu||||||||
008 210519s2020 sp o 000 0 spa d
020 _a9788413400808
_q(e-book)
035 _a(OCoLC)1222923563
040 _aFINmELB
_bspa
_erda
_cFINmELB
050 4 _aDP269
_b.U568 2020
080 _a94(460)
082 0 4 _a946
_223
245 0 0 _a1936, Un nuevo relato /
_cLourenzo Fernández Prieto, Antonio Míguez Macho y Dolores Vilavedra Fernández, eds.
264 1 _aZaragoza :
_bPrensas de la Universidad de Zaragoza,
_c2020.
300 _a1 recurso en línea (224 páginas)
336 _atexto
_btxt
_2rdacontent/spa
337 _acomputadora
_bc
_2rdamedia/spa
338 _arecurso en línea
_bcr
_2rdacarrier/spa
490 1 _aCiencias Sociales ;
_v145
588 _aDescripción basada en metadatos suministrados por el editor y otras fuentes.
590 _aRecurso electrónico. Santa Fe, Arg.: elibro, 2021. Disponible vía World Wide Web. El acceso puede estar limitado para las bibliotecas afiliadas a elibro.
651 0 _aSpain
_xHistory
_yCivil War, 1936-1939.
651 4 _aEspaña
_xHistoria
_y1936-1939, Guerra civil.
655 4 _aLibros electrónicos.
700 1 _aMíguez, José Antonio,
_eeditor.
700 1 _aVilavedra Fernández, Dolores,
_eeditor.
700 1 _aFernández Prieto, Lourenzo,
_d1961-
_eeditor.
797 2 _aelibro, Corp.
830 0 _aCiencias sociales (Universidad de Zaragoza) ;
_v145.
856 4 0 _uhttps://elibro.net/ereader/usam/155529
999 _c146491
_d146491